<?xml version="1.0" encoding="UTF-8"?><?xml-stylesheet type="text/xsl" href="static/style.xsl"?><OAI-PMH xmlns="http://www.openarchives.org/OAI/2.0/" xmlns:xsi="http://www.w3.org/2001/XMLSchema-instance" xsi:schemaLocation="http://www.openarchives.org/OAI/2.0/ http://www.openarchives.org/OAI/2.0/OAI-PMH.xsd"><responseDate>2026-06-02T21:36:38Z</responseDate><request verb="GetRecord" identifier="oai:riuma.uma.es:10630/20979" metadataPrefix="marc">https://riuma.uma.es/rest/oai/request</request><GetRecord><record><header><identifier>oai:riuma.uma.es:10630/20979</identifier><datestamp>2026-02-03T12:37:18Z</datestamp><setSpec>com_10630_2254</setSpec><setSpec>col_10630_37957</setSpec></header><metadata><record xmlns="http://www.loc.gov/MARC21/slim" xmlns:dcterms="http://purl.org/dc/terms/" xmlns:doc="http://www.lyncode.com/xoai" xmlns:xsi="http://www.w3.org/2001/XMLSchema-instance" xsi:schemaLocation="http://www.loc.gov/MARC21/slim http://www.loc.gov/standards/marcxml/schema/MARC21slim.xsd">
   <leader>00925njm 22002777a 4500</leader>
   <datafield ind2=" " ind1=" " tag="042">
      <subfield code="a">dc</subfield>
   </datafield>
   <datafield ind2=" " ind1=" " tag="720">
      <subfield code="a">Suarez Xavier, Paulo Ramon</subfield>
      <subfield code="e">author</subfield>
   </datafield>
   <datafield ind2=" " ind1=" " tag="260">
      <subfield code="c">2021-01-23</subfield>
   </datafield>
   <datafield ind2=" " ind1=" " tag="520">
      <subfield code="a">El presente trabajo analiza los impactos que el proceso de implantación de&#xd;
la Inteligencia Artificial en los sistemas judiciales y su entorno conlleva. Adopta, para&#xd;
ello, una triple perspectiva de análisis, considerando inicialmente el desarrollo histórico&#xd;
de la jurisdicción como potestad del Estado y, enseguida, examina las distintas&#xd;
perspectivas de la jurisdicción, con una especial consideración a la perspectiva&#xd;
constitucional y administrativa, para entonces examinar en profundidad la perspectiva&#xd;
administrativa. En dicho sentido, se examinan las atribuciones de los órganos con&#xd;
competencias en materia de Administración de Justicia en España, con vistas a&#xd;
comprender como el proceso de implantación de la gobernanza y la digitalización de la&#xd;
Administración y de la Administración de Justicia han contribuido para el actual estado&#xd;
de desarrollo de la inteligencia artificial en este sector. Se realiza una profunda revisión&#xd;
de la normativa de la Administración de Justicia, particularmente las normas de&#xd;
carácter reglamentar dictadas por el Consejo General del Poder Judicial, así como&#xd;
documentos de instituciones europeas. Dicha revisión normativa y conceptual atiende&#xd;
a la necesidad de comprender que es la inteligencia artificial, su histórico y posibilidades&#xd;
aplicativas en el ámbito de la Administración de Justicia, con vistas a comprender los&#xd;
retos que se presentan en el proceso de implantación y en relación con el marco&#xd;
regulatorio aplicable, contestando al cuestionamiento de si es suficiente una regulación&#xd;
ética de la Inteligencia Artificial en la Administración de Justicia y su entorno o si, en&#xd;
cambio, es indispensable una regulación legal o reglamentar en dicho proceso.</subfield>
   </datafield>
   <datafield ind1="8" ind2=" " tag="024">
      <subfield code="a">https://hdl.handle.net/10630/20979</subfield>
   </datafield>
   <datafield tag="653" ind2=" " ind1=" ">
      <subfield code="a">Administración de justicia - Tesis doctorales</subfield>
   </datafield>
   <datafield tag="653" ind2=" " ind1=" ">
      <subfield code="a">Inteligencia artificial - Tesis doctorales</subfield>
   </datafield>
   <datafield ind2="0" ind1="0" tag="245">
      <subfield code="a">Gobernanza, Inteligencia Artificial y Justicia Predictiva: Los retos de la Administración de Justicia ante la Sociedad en Red</subfield>
   </datafield>
</record>
</metadata></record></GetRecord></OAI-PMH>